000 01053cam a22003377a 4500
003 CHAP
005 20220817040903.0
008 971013s1990 r 00010 d
010 _a2148
011 _a3120
035 _a2320
040 _cCHAP
082 _a338.175
_bF31f
110 2 _aFAO
245 1 3 _aLa commercialisation des produits horticoles
_b: manuel de reference et de formation a l'usage des vulgarisateurs
260 _aRome :
_bFAO,
_c1990
300 _a118 p.
_b: ilus.
410 _aFAO
490 0 _aFAO. Servicios agrícolas
_v; 76
590 _aBATCH-UPD
_b10
_c20130110
_lUCH01
_h1626
590 _aBATCH-UPD
_b10
_c20130410
_lUCH01
_h1020
590 _aBATCH-UPD
_b10
_c20130914
_lUCH01
_h1341
590 _aCONVERSION
_b10
_c20130109
_lUCH01
_h1302
650 1 4 _aHorticultura
_xAspectos económicos.
_956299
650 1 4 _aLegumbres
_xMercadeo.
_965740
810 0 _aFAO
830 0 0 _aFAO. Servicios agrícolas
_v; 76
_939697
901 _aBK
942 _cLIBRO
949 _a338.175 F31f
_bBC
_cLIBRO
_d-11820
_eLIBRO
_h79619
_i2320
_si
999 _c2148
_d2148